Communes d'Île-de-France - Mort subite - Statistiques

Statistiques générales
  • Ce quiz a été pris 221 fois
  • Le résultat moyen est 3 sur 20
Answers on the Grid
Answers color-coded by a green-red scale on the quiz's grid according to % correct below.
Enghien-les-Bains
Tremblay-en-France
Les Andelys
Saint-Quentin-en-Yvelines
Montereau-Fault-Yonne
Choisy-le-Grand
Les Lilas
Saint-Cyr-l'École
Reuil-Malmaison
Montargis
Le Kremlin-Bicêtre
Pithiviers
Boissise-le-Roi
Saint-Leu-la-Forêt
Marne-la-Vallée
Villeurbanne
Magny-en-Vexin
Le Plessis-Robinson
Courcouronnes
Chantilly-sur-Marne
Saint-Fargeau-Ponthierry
La Ville-du-Bois
Sénart
Rambouillet
Clermont-de-l'Oise
Saint-Thomas
Avray
Brie-Comte-Robert
Luzarches
Meudon-la-Forêt
Les Jardins-sur-Seine
Mantes-la-Ville
Pontault-Combault
Villeparisis
Morsang-sur-Orge
Le Vert-de-Maisons
Trilport
Orry-la-Ville
Chatoux
La Ferté-Bernard
 
Statistiques - réponses
Réponse % Correct
Tremblay-en-France
73%
Enghien-les-Bains
58%
Les Lilas
29%
Le Kremlin-Bicêtre
18%
Montereau-Fault-Yonne
17%
Saint-Cyr-l'École
16%
Le Plessis-Robinson
12%
Pontault-Combault
12%
Rambouillet
11%
Villeparisis
10%
Mantes-la-Ville
9%
Morsang-sur-Orge
9%
Saint-Leu-la-Forêt
9%
Trilport
9%
Brie-Comte-Robert
7%
Luzarches
7%
La Ville-du-Bois
5%
Saint-Fargeau-Ponthierry
5%
Boissise-le-Roi
4%
Magny-en-Vexin
4%
Aucun quiz correspondant
Distribution des résultats
% des personnes avec chaque résultat
Percentile par nombre de réponses
Votre historique - résultats
Vous n’avez pas pris ce quiz